Statistical multisource-multitarget information fusion (Record no. 36017)
[ view plain ]
| 000 -LEADER | |
|---|---|
| fixed length control field | 01530nam a2200397Ia 4500 |
| 082 04 - DEWEY DECIMAL CLASSIFICATION NUMBER | |
| Classification number | 006.3/3 |
| 100 1# - MAIN ENTRY--AUTHOR NAME | |
| Personal name | Mahler, Ronald P. S. |
| 245 10 - TITLE STATEMENT | |
| Title | Statistical multisource-multitarget information fusion |
| 260 ## - PUBLICATION, DISTRIBUTION, ETC. (IMPRINT) | |
| Place of publication | Boston : |
| Name of publisher | Artech House, |
| Year of publication | c2007. |
| 300 ## - PHYSICAL DESCRIPTION | |
| Number of Pages | xxvi, 856 p. : |
| Other physical details | ill. |
| 490 1# - SERIES STATEMENT | |
| Series statement | Artech House information warfare library |
| 650 #0 - SUBJECT ADDED ENTRY--TOPICAL TERM | |
| Topical Term | Automatic tracking. |
| Topical Term | Bayesian statistical decision theory. |
| Topical Term | Expert systems (Computer science) |
| Topical Term | Multisensor data fusion |
| Topical Term | Signal processing. |
| Topical Term | Target acquisition. |
| Topical Term | Tracking radar. |
| 856 40 - ELECTRONIC LOCATION AND ACCESS | |
| Uniform Resource Identifier | http://site.ebrary.com/lib/rucke/Doc?id=10240786 |
No items available.
